Statistics for Day #37: Countries 3700 km away from Colombia

Click here to take the quiz!

General Stats

  • This quiz has been taken 16 times
  • The average score is 5 of 6

Answer Stats

Answer% Correct
Argentina
93%
Brazil
93%
Chile
93%
Mexico
93%
United States
86%
Paraguay
79%

Score Distribution

Percentile by Number Answered

Percent of People with Each Score

Your Score History

You have not taken this quiz